000 00677nam a2200265Ia 4500
003 OSt
005 20221006151107.0
006 a|||||r|||| 00| 0
007 ta
008 221006b |||||||| |||| 00| 0 jpn d
020 _c¥300
024 _a20,913
037 _bGift, Japan Foundation
_cTextual
040 _aEASL
_cEASL
_bjpn
041 _2jpn
_ajpn
082 _a1008062
100 _aYAMAKAWA Kikue
_9657181
245 0 _aWaga sumu mura
260 _aTokyo
_bIwanami Shoten
_c1983
300 _ap.
_ccm.
490 _v JL
650 _aJL
942 _h1008062
_cTEXL
_2CC
999 _c1088999
_d1088999